| 000 | 00755nam a22002292 4500 | ||
|---|---|---|---|
| 001 | 0000018400 | ||
| 005 | 20151217152127.0 | ||
| 008 | 091026s xx 000 0 eng d | ||
| 020 | _a0072404296 : | ||
| 040 |
_aKABU _cKABU |
||
| 100 | 1 |
_aDunn, Cheryl L. _@0000177630 |
|
| 245 | 1 | 0 |
_aEnterprise information systems : _ba patten-based approach / _cCheryl L. Dunn, J. Owen Cherrington, Anita S. Hollander. |
| 250 | _a3rd ed. | ||
| 260 |
_aBoston : _bMcGraw-Hill, _c2005. |
||
| 300 | _axxi, 522 p. | ||
| 650 | 0 |
_aManagerial accounting. _@0000151472 |
|
| 700 | 1 |
_aCherrington, J. Owen. _@0000177631 |
|
| 700 | 1 |
_aHollander, Anita S. _@0000177632 |
|
| 852 | 1 | _9p4995 KES | |
| 908 | _a091026 | ||
| 950 | _@1 | ||
| 999 |
_c8553 _d8553 |
||